[Event "Torneo Autunno Bergamasco"]
[Site "Bergamo ITA"]
[Date "2007.10.26"]
[Round "4"]
[White "Attuati, Stefano"]
[Black "Stefanelli, Alfredo"]
[Result "0-1"]
[WhiteElo "1464"]
[BlackElo "1778"]
[PlyCount "102"]
[EventDate "2007.10.05"]

1. d4 d5 2. c4 e6 3. Nc3 Nf6 4. a3 c5 5. Nf3 Nc6 6. Bf4 a6 7. e3 dxc4 8. dxc5
Bxc5 9. Qxd8+ Nxd8 10. Bxc4 b5 11. Be2 O-O 12. O-O Bb7 13. Ne5 Rc8 14. Rac1 Be7
15. Bf3 Bxf3 16. Nxf3 Nc6 17. Rfd1 Na5 18. Ne2 Nc4 19. Rc2 Nd5 20. Rdc1 Rcd8
21. Ne5 Nxe5 22. Bxe5 f6 23. Bg3 e5 24. Nc3 Nb6 25. f4 Bc5 26. Bf2 Nc4 27. Re1
Rd3 28. Rce2 exf4 29. exf4 Bxf2+ 30. Kxf2 Nxa3 31. bxa3 Rxc3 32. Ra1 Kf7 33. f5
Rc5 34. g4 Re8 35. Rxe8 Kxe8 36. Kf3 Kd7 37. Rd1+ Kc7 38. Re1 Re5 39. Rxe5 fxe5
40. Ke4 Kd6 41. h4 a5 42. g5 b4 43. g6 hxg6 44. axb4 axb4 45. fxg6 Ke6 46. Kd3
Kf6 47. Kc4 Kxg6 48. Kxb4 Kf5 49. Kc3 Ke4 50. Kd2 Kf3 51. Ke1 Kg4 0-1

[Event "Torneo Autunno Bergamasco"]
[Site "Bergamo ITA"]
[Date "2007.10.26"]
[Round "4"]
[White "Bertoletti, Vincenzo"]
[Black "Giuliani, Andrea"]
[Result "0-1"]
[WhiteElo "1523"]
[BlackElo "1565"]
[PlyCount "69"]
[EventDate "2007.10.05"]

1. d4 Nf6 2. c4 g6 3. Nc3 Bg7 4. e4 d6 5. f3 O-O 6. Be3 c6 7. Qd2 e5 8. Nge2
Na6 9. O-O-O Qa5 10. Bh6 b5 11. Bxg7 Kxg7 12. Ng3 b4 13. Nb1 Qxa2 14. Qg5 Qa5
15. Nh5+ Nxh5 16. g4 Nf4 17. h4 Qd8 18. Qxd8 Rxd8 19. dxe5 d5 20. cxd5 cxd5 21.
h5 Bb7 22. hxg6 hxg6 23. exd5 Rac8+ 24. Kd2 Rxd5+ 25. Ke3 Rxd1 26. Kxf4 Rxb1
27. Bxa6 Rxh1 28. Bxb7 Rb8 29. Bd5 Rh2 30. b3 a5 31. Kg3 Ra2 32. g5 a4 33. bxa4
Rxa4 34. f4 b3 35. Kg4 0-1

[Event "Torneo Autunno Bergamasco"]
[Site "Bergamo ITA"]
[Date "2007.10.26"]
[Round "4"]
[White "Cattaneo, Dario"]
[Black "D'Angheo, Savino"]
[Result "0-1"]
[WhiteElo "1517"]
[BlackElo "1520"]
[PlyCount "104"]
[EventDate "2007.10.05"]

1. Nf3 d5 2. d4 Nf6 3. Bg5 e6 4. c3 c5 5. e3 Be7 6. Bxf6 Bxf6 7. dxc5 Qc7 8.
Bb5+ Bd7 9. Bxd7+ Nxd7 10. b4 a5 11. Nd4 axb4 12. Nb5 Qxc5 13. Qd3 bxc3 14.
N1xc3 Bxc3+ 15. Nxc3 Ne5 16. Qb5+ Qxb5 17. Nxb5 O-O 18. O-O Nc4 19. a4 Rfc8 20.
Rfc1 Na5 21. Rxc8+ Rxc8 22. g3 Nc4 23. Rc1 Kf8 24. Nd4 Ke8 25. Rb1 b6 26. h3
Kd7 27. Kg2 g6 28. Nf3 f6 29. g4 e5 30. h4 Rc6 31. Kg3 Rd6 32. Rb5 d4 33. exd4
exd4 34. Rb4 d3 35. Rxc4 d2 36. Nxd2 Rxd2 37. Rf4 Rd6 38. Rb4 Kc6 39. Kf4 Kc5
40. Rb1 Rd4+ 41. Kf3 Rxa4 42. g5 f5 43. Rh1 b5 44. h5 b4 45. Rc1+ Kd4 46. hxg6
hxg6 47. Rc8 Ra6 48. Rb8 Kc3 49. Rc8+ Kb2 50. Ke2 b3 51. Rd8 Ka1 52. Rd2 b2 0-1

[Event "Torneo Autunno Bergamasco"]
[Site "Bergamo ITA"]
[Date "2007.10.26"]
[Round "4"]
[White "Di Mauro, Valerio"]
[Black "Elitropi, Giorgio"]
[Result "0-1"]
[WhiteElo "1637"]
[BlackElo "2006"]
[PlyCount "98"]
[EventDate "2007.10.05"]

1. e4 Nc6 2. d4 d5 3. e5 f6 4. f4 Bf5 5. c3 Qd7 6. Nf3 e6 7. Bb5 a6 8. Ba4 Nh6
9. Nbd2 Be7 10. b4 b5 11. Bc2 O-O 12. O-O Bxc2 13. Qxc2 f5 14. Bb2 a5 15. a3
Nf7 16. Nb3 a4 17. Nc1 Kh8 18. Nd3 Rg8 19. g3 g5 20. Kf2 gxf4 21. Nxf4 Raf8 22.
Rg1 Ncd8 23. Raf1 Ng5 24. Nxg5 Bxg5 25. Bc1 Qf7 26. Qe2 Bxf4 27. Bxf4 Qd7 28.
Qh5 Qf7 29. Qe2 c6 30. Ke3 h5 31. Kd2 Qg6 32. h4 Nf7 33. Qe3 Kh7 34. Bg5 Nxg5
35. hxg5 Qxg5 36. Rf4 Rg6 37. Ke2 Kg7 38. Kf2 Rh8 39. Rh1 Rh7 40. Rh2 Kg8 41.
Rh3 Rhg7 42. Qf3 Rh7 43. Rhh4 Qh6 44. g4 Rxg4 45. Rfxg4+ fxg4 46. Qg3 Rf7+ 47.
Ke2 Qg6 48. Qe3 Rf3 49. Qd2 Qe4+ 0-1

[Event "Torneo Autunno Bergamasco"]
[Site "Bergamo ITA"]
[Date "2007.10.26"]
[Round "4"]
[White "Gerali, Paolo"]
[Black "Biava, Pierluigi"]
[Result "1-0"]
[WhiteElo "1940"]
[BlackElo "1893"]
[PlyCount "47"]
[EventDate "2007.10.05"]

1. d4 Nf6 2. c4 e6 3. Nc3 Bb4 4. Qc2 O-O 5. a3 Be7 6. e4 d6 7. Nf3 Nbd7 8. Bf4
a6 9. Bd3 Re8 10. e5 Nh5 11. Bxh7+ Kh8 12. Be3 Nf8 13. Bd3 g6 14. O-O-O Bd7 15.
Ne4 Nh7 16. Ng3 Ng7 17. h4 Bc6 18. h5 Bxf3 19. gxf3 Nf5 20. hxg6 fxg6 21. Nxf5
exf5 22. Bxf5 Bg5 23. Bxg6 Bxe3+ 24. fxe3 1-0

[Event "Torneo Autunno Bergamasco"]
[Site "Bergamo ITA"]
[Date "2007.10.26"]
[Round "4"]
[White "Gucciardo, Salvatore"]
[Black "Testa, Luigi"]
[Result "1/2-1/2"]
[WhiteElo "1590"]
[BlackElo "1572"]
[PlyCount "98"]
[EventDate "2007.10.05"]

1. e4 e5 2. Nf3 Nf6 3. Nxe5 d6 4. Nf3 Nxe4 5. Qe2 Qe7 6. d3 Nf6 7. Bg5 Qxe2+ 8.
Bxe2 Be7 9. Nc3 c6 10. Ne4 Nbd7 11. O-O O-O 12. Nxf6+ Bxf6 13. Bxf6 Nxf6 14. h3
h6 15. Rfe1 Re8 16. Bf1 Be6 17. a3 Kf8 18. g3 Re7 19. Bg2 Rae8 20. Kf1 Bd5 21.
Rxe7 Rxe7 22. Nd4 Bxg2+ 23. Kxg2 d5 24. b4 g6 25. f4 Ne8 26. Kf2 Nd6 27. a4 f5
28. Re1 Kf7 29. Rxe7+ Kxe7 30. Ke3 Kd7 31. Nf3 Nf7 32. Kd4 Kd6 33. h4 b6 34.
Ke3 c5 35. bxc5+ bxc5 36. d4 a5 37. dxc5+ Kxc5 38. c3 h5 39. Ne5 Nd6 40. Kd3
Ne4 41. Nxg6 Nxg3 42. Ne7 Kd6 43. Ng6 Ne4 44. Ne5 Nc5+ 45. Kd4 Nxa4 46. c4 dxc4
47. Nxc4+ Ke6 48. Nxa5 Nb6 49. Nc6 Nd7 1/2-1/2

[Event "Torneo Autunno Bergamasco"]
[Site "Bergamo ITA"]
[Date "2007.10.26"]
[Round "4"]
[White "Guerini, Matteo"]
[Black "Merletti, Vincenzo"]
[Result "0-1"]
[WhiteElo "1440"]
[BlackElo "1554"]
[PlyCount "94"]
[EventDate "2007.10.05"]

1. Nc3 Nf6 2. d4 d5 3. a3 Nc6 4. Nf3 b6 5. h4 Bb7 6. Bf4 e6 7. e3 Nh5 8. Bh2
Be7 9. Bd3 O-O 10. Qe2 Bxh4 11. Nxh4 Qxh4 12. O-O-O g6 13. Bxc7 Qe7 14. Bh2
Rfe8 15. g4 Nf6 16. f4 Na5 17. Bg3 Rac8 18. Rh2 Ne4 19. Nxe4 dxe4 20. Ba6 Bxa6
21. Qxa6 Rc4 22. Kb1 Qb7 23. Qxb7 Nxb7 24. c3 Rd8 25. g5 a5 26. Rdh1 h5 27.
gxh6 Kh7 28. Bh4 Rd5 29. Bf6 Rb5 30. Ka1 Nd6 31. Be5 Nf5 32. Rh3 Rd5 33. R1h2
b5 34. Ka2 b4 35. Kb3 Rc6 36. a4 bxc3 37. bxc3 Rd7 38. Rc2 Rb7+ 39. Ka3 Rb1 40.
d5 exd5 41. Bd4 Nxd4 42. exd4 Rf1 43. Rb2 Rxf4 44. Rb5 Rf3 45. Rxf3 exf3 46.
Kb2 f2 47. Rb7 f1=Q 0-1

[Event "Torneo Autunno Bergamasco"]
[Site "Bergamo ITA"]
[Date "2007.10.26"]
[Round "4"]
[White "Impellizzeri, Francesco"]
[Black "Oteri, Aldo"]
[Result "1/2-1/2"]
[WhiteElo "1760"]
[BlackElo "1898"]
[PlyCount "70"]
[EventDate "2007.10.05"]

1. d4 e6 2. c4 Nf6 3. Nc3 d5 4. cxd5 exd5 5. Bg5 Be7 6. e3 Nbd7 7. Bd3 O-O 8.
Nf3 c6 9. Qc2 Re8 10. O-O Nf8 11. Rab1 Ng6 12. b4 a6 13. a4 Bd6 14. b5 axb5 15.
axb5 h6 16. bxc6 bxc6 17. Bxf6 Qxf6 18. Ne2 Bg4 19. Ne1 Nh4 20. Ng3 Rec8 21. f3
Bd7 22. Rb7 Rc7 23. Qb3 Ra3 24. Qb6 Rxb7 25. Qxb7 Qe6 26. e4 Bxg3 27. hxg3 Nxg2
28. Qb8+ Bc8 29. Qb2 Nxe1 30. Qxa3 Qh3 31. Kf2 Nxd3+ 32. Qxd3 Qh2+ 33. Ke3 Qxg3
34. exd5 cxd5 35. Qb5 Be6 1/2-1/2

[Event "Torneo Autunno Bergamasco"]
[Site "Bergamo ITA"]
[Date "2007.10.26"]
[Round "4"]
[White "Lanni, Vincenzo"]
[Black "Basletta, Giovanni"]
[Result "1-0"]
[WhiteElo "1864"]
[BlackElo "1362"]
[PlyCount "61"]
[EventDate "2007.10.05"]

1. d4 d5 2. g3 Nf6 3. Bg2 g6 4. Nf3 Bg7 5. O-O O-O 6. Nbd2 Re8 7. c3 c6 8. h3
Nbd7 9. Qc2 e5 10. e4 Qc7 11. exd5 Nxd5 12. Nc4 exd4 13. Nxd4 b5 14. Ne3 N7f6
15. Nxd5 Nxd5 16. Nxb5 cxb5 17. Bxd5 Bb7 18. Bxb7 Qxb7 19. Be3 Qd7 20. Kh2 Rad8
21. Rad1 Qb7 22. Rxd8 Rxd8 23. Rd1 Re8 24. Qd3 Qf3 25. Bxa7 Qxd3 26. Rxd3 Ra8
27. Rd7 Re8 28. Rd5 Ra8 29. Be3 Rxa2 30. Rd8+ Bf8 31. Bh6 1-0

[Event "Torneo Autunno Bergamasco"]
[Site "Bergamo ITA"]
[Date "2007.10.26"]
[Round "4"]
[White "Longo, Pietro"]
[Black "Canova, Luca"]
[Result "0-1"]
[WhiteElo "1929"]
[BlackElo "2079"]
[PlyCount "94"]
[EventDate "2007.10.05"]

1. d4 Nf6 2. c4 e5 3. dxe5 Ng4 4. Bf4 Nc6 5. Nf3 Bb4+ 6. Nc3 Qe7 7. h3 Ngxe5 8.
Nxe5 Nxe5 9. e3 Bxc3+ 10. bxc3 d6 11. Bd3 O-O 12. O-O Be6 13. Qe2 f5 14. c5
Nxd3 15. Qxd3 dxc5 16. Qc2 Rad8 17. Rad1 g5 18. Bh2 Rxd1 19. Rxd1 Qf7 20. Qa4
f4 21. exf4 gxf4 22. Re1 Bd5 23. Re5 Bc6 24. Qb3 c4 25. Rg5+ Kh8 26. Qd1 Qf6
27. Qd4 Qxd4 28. cxd4 b6 29. Kf1 c3 30. Ke1 Re8+ 31. Re5 Rxe5+ 32. dxe5 Bxg2
33. e6 Kg7 34. Bxf4 Kf6 35. e7 Kxe7 36. Bxc7 Bxh3 37. Be5 c2 38. Kd2 Bf5 39. a3
Ke6 40. Bg3 Kd5 41. Kc1 Kc4 42. Kb2 h5 43. Kc1 Kd3 44. Bh4 Ke2 45. Bg3 Kf3 46.
Bh4 Kg4 47. Bg3 h4 0-1

[Event "Torneo Autunno Bergamasco"]
[Site "Bergamo ITA"]
[Date "2007.10.26"]
[Round "4"]
[White "Mazzotti, Federico"]
[Black "Savoldelli, Dario"]
[Result "1-0"]
[WhiteElo "1853"]
[BlackElo "1822"]
[PlyCount "45"]
[EventDate "2007.10.05"]

1. e4 d6 2. d4 Nf6 3. Nc3 g6 4. Bg5 Bg7 5. Qd2 h6 6. Bf4 g5 7. Bg3 Nh5 8. Be2
Nxg3 9. hxg3 Nc6 10. d5 Nd4 11. Bh5 c5 12. O-O-O Qa5 13. f4 Bf6 14. Kb1 b5 15.
e5 dxe5 16. fxe5 Bxe5 17. Qe3 Qc7 18. Nf3 Bg7 19. Nxd4 cxd4 20. Qf3 Bf6 21. d6
Qb7 22. Nd5 Kf8 23. dxe7+ 1-0

[Event "Torneo Autunno Bergamasco"]
[Site "Bergamo ITA"]
[Date "2007.10.26"]
[Round "4"]
[White "Minieri, Filippo"]
[Black "Romano, Zeno"]
[Result "1/2-1/2"]
[WhiteElo "2124"]
[BlackElo "1931"]
[PlyCount "58"]
[EventDate "2007.10.05"]

1. c4 e5 2. e3 Nf6 3. d4 exd4 4. exd4 Bb4+ 5. Nc3 d5 6. Bg5 Qe7+ 7. Be2 c6 8.
Nf3 O-O 9. O-O Be6 10. Ne5 Bxc3 11. bxc3 Nbd7 12. f4 dxc4 13. Qe1 c5 14. Qg3
Kh8 15. f5 Bd5 16. Nxd7 Qxd7 17. Bxf6 gxf6 18. Qh4 Qd6 19. Rad1 Rg8 20. Bf3
Bxf3 21. Rxf3 Rae8 22. Qh5 Qd5 23. Rg3 cxd4 24. Rxd4 Qe5 25. Rd1 Rxg3 26. hxg3
Qxg3 27. Qxf7 Qe3+ 28. Kh1 Qh6+ 29. Kg1 Qe3+ 1/2-1/2

[Event "Torneo Autunno Bergamasco"]
[Site "Bergamo ITA"]
[Date "2007.10.26"]
[Round "4"]
[White "Nasoni, Paolo"]
[Black "Cambieri, Mario"]
[Result "1-0"]
[WhiteElo "1849"]
[BlackElo "1877"]
[PlyCount "67"]
[EventDate "2007.10.05"]

1. d4 Nf6 2. Bg5 e6 3. e4 Be7 4. Bxf6 Bxf6 5. e5 Be7 6. Qg4 Bf8 7. Nf3 c5 8.
dxc5 Qa5+ 9. b4 Qc7 10. Bd3 b6 11. cxb6 axb6 12. b5 Bb7 13. O-O d5 14. exd6
Qxd6 15. Nbd2 Nd7 16. Nb3 Nf6 17. Qg3 Qd8 18. Nfd4 Bd6 19. Qh3 Be5 20. c3 Nd5
21. Nxe6 Qf6 22. Rae1 fxe6 23. Qh5+ Ke7 24. Qxe5 Qxe5 25. Rxe5 Nxc3 26. Bc4
Rac8 27. Bxe6 Rc7 28. Rd1 Kf6 29. Rf5+ Kg6 30. Nd4 Rd8 31. Nf3 Re8 32. Re5 Kf6
33. Ng5 h6 34. Nh7+ 1-0

[Event "Torneo Autunno Bergamasco"]
[Site "Bergamo ITA"]
[Date "2007.10.26"]
[Round "4"]
[White "Ranfagni, Stefano"]
[Black "Gozzini, Giambattista"]
[Result "1-0"]
[WhiteElo "2065"]
[BlackElo "1887"]
[PlyCount "121"]
[EventDate "2007.10.05"]

1. e4 c6 2. c4 e5 3. Nf3 d6 4. Nc3 Nf6 5. d4 Nbd7 6. Be2 g6 7. O-O Bg7 8. dxe5
dxe5 9. Bg5 h6 10. Bh4 Qc7 11. Qc2 O-O 12. b4 Re8 13. Rfd1 Nf8 14. c5 Bg4 15.
Rd6 Bxf3 16. Bxf3 Ne6 17. Qd2 Rad8 18. Bxf6 Bxf6 19. Rxd8 Qxd8 20. Rd1 Qxd2 21.
Rxd2 Nd4 22. Kf1 Rd8 23. a4 Nxf3 24. Rxd8+ Bxd8 25. gxf3 Kf8 26. Ke2 Ke7 27.
Nd1 b6 28. cxb6 Bxb6 29. Ne3 Bxe3 30. Kxe3 Kd6 31. Kd3 a6 32. Kc4 f5 33. exf5
gxf5 34. f4 exf4 35. Kd4 f3 36. h3 f4 37. Kc4 Ke5 38. Kd3 Kd5 39. Kc3 c5 40. b5
axb5 41. axb5 c4 42. b6 Kc6 43. Kxc4 Kxb6 44. Kd4 Kc6 45. Ke4 Kd6 46. Kxf4 Ke6
47. Kxf3 Kf5 48. Kg3 Kg5 49. f4+ Kh5 50. h4 Kg6 51. Kg4 h5+ 52. Kf3 Kf5 53. Ke3
Kg4 54. Ke4 Kxh4 55. Kf3 Kh3 56. f5 Kh2 57. f6 h4 58. f7 h3 59. Kf2 Kh1 60.
f8=Q Kh2 61. Qd8 1-0

[Event "Torneo Autunno Bergamasco"]
[Site "Bergamo ITA"]
[Date "2007.10.26"]
[Round "4"]
[White "Riggio, Mauro"]
[Black "Salcedo, Cancio Luis E."]
[Result "1-0"]
[WhiteElo "1811"]
[BlackElo "1614"]
[PlyCount "77"]
[EventDate "2007.10.05"]

1. e4 e5 2. Nf3 Nc6 3. d4 exd4 4. Nxd4 Bc5 5. Be3 Qf6 6. c3 Nge7 7. Bc4 a6 8.
O-O O-O 9. f4 d6 10. Qd3 Na5 11. Nd2 Nxc4 12. Nxc4 d5 13. Nd2 Qg6 14. f5 Qf6
15. Rae1 Nc6 16. exd5 Ne5 17. Qe2 Qb6 18. b4 Bd6 19. Ne6 Qb5 20. Nxf8 Qxe2 21.
Rxe2 Bxf8 22. Bf4 Ng4 23. Bxc7 Bd7 24. Rf4 Nf6 25. d6 Nd5 26. Rf3 Rc8 27. Ne4
Nxc7 28. dxc7 Rxc7 29. Rd2 Bc6 30. Re3 Re7 31. Rde2 Kh8 32. f6 gxf6 33. Nxf6
Rc7 34. Rg3 Bg7 35. Ne8 Bb5 36. Nxc7 Bxe2 37. Re3 Bb5 38. Nxb5 axb5 39. Re8+
1-0

[Event "Torneo Autunno Bergamasco"]
[Site "Bergamo ITA"]
[Date "2007.10.26"]
[Round "4"]
[White "Riva, Carlo"]
[Black "Villa, Claudio"]
[Result "1/2-1/2"]
[WhiteElo "1571"]
[BlackElo "1871"]
[PlyCount "78"]
[EventDate "2007.10.05"]

1. d4 d5 2. Nf3 Nf6 3. e3 e6 4. c4 dxc4 5. Bxc4 Nc6 6. Nc3 Bb4 7. O-O O-O 8.
Bd2 a6 9. a3 Ba5 10. Bd3 Re8 11. Bc2 e5 12. dxe5 Nxe5 13. Nxe5 Rxe5 14. b4 Bb6
15. Qe2 Qe7 16. h3 Bd7 17. Rac1 Rd8 18. Ba4 Nh5 19. Bxd7 Qxd7 20. Rfd1 Nf4 21.
Qf3 Nd5 22. Be1 Rf5 23. Qe2 Qe7 24. Nxd5 Rfxd5 25. Rxd5 Rxd5 26. Rd1 Qd7 27.
Rxd5 Qxd5 28. Qd2 Qxd2 29. Bxd2 c5 30. Kf1 f5 31. Ke2 c4 32. g4 g6 33. f4 Kf7
34. Kf3 Ke6 35. e4 Bd4 36. Bc1 Ba1 37. g5 c3 38. e5 b5 39. Ke2 c2 1/2-1/2

[Event "Torneo Autunno Bergamasco"]
[Site "Bergamo ITA"]
[Date "2007.11.09"]
[Round "5"]
[White "Basletta, Giovanni"]
[Black "Maggioni, Oliviero"]
[Result "0-1"]
[WhiteElo "1362"]
[BlackElo "1493"]
[PlyCount "216"]
[EventDate "2007.10.05"]

1. e4 c5 2. Nf3 Nc6 3. c3 d6 4. d4 cxd4 5. cxd4 Nf6 6. Nc3 g6 7. Be3 Bg7 8. h3
a6 9. Be2 O-O 10. O-O b5 11. a3 Re8 12. Qd2 Bb7 13. d5 Nb8 14. Bd1 Nbd7 15. Bb3
Nc5 16. Bc2 Nfd7 17. b4 Na4 18. Bxa4 bxa4 19. Rac1 Ne5 20. Nd4 Qd7 21. Qd1 Rac8
22. Nxa4 Rxc1 23. Bxc1 Nc4 24. Nf3 Rc8 25. Qb3 Qb5 26. Nc3 Bxc3 27. Qxc3 Ne5
28. Qe3 Qc4 29. Nxe5 dxe5 30. Bb2 f6 31. Rc1 Qb5 32. Rxc8+ Bxc8 33. f4 exf4 34.
Qxf4 Kf7 35. d6 Qb6+ 36. Kf1 Qxd6 37. e5 Qd1+ 38. Kf2 Qc2+ 39. Kg1 Qxb2 40.
Qc4+ Be6 41. Qxa6 Qxe5 42. Qd3 Bd5 43. b5 e6 44. Qc2 Qa1+ 45. Kh2 Qxa3 46. Qc7+
Qe7 47. Qb8 f5 48. Qh8 Qh4 49. Qe5 Qf6 50. Qc7+ Qe7 51. Qc8 Qb7 52. Qh8 Qc7+
53. Kh1 Qc1+ 54. Kh2 Qf4+ 55. Kg1 h5 56. Qh7+ Kf6 57. Qh8+ Ke7 58. Qg7+ Kd6 59.
Qf8+ Kc7 60. Qc5+ Kb7 61. Qe7+ Qc7 62. Qf6 Qc5+ 63. Kh2 Qxb5 64. Qxg6 Qe2 65.
Qg7+ Kc6 66. Qc3+ Qc4 67. Qa1 h4 68. Qa8+ Kb5 69. Qh8 Qf1 70. Qe8+ Kc4 71. Qa4+
Kd3 72. Qa3+ Ke4 73. Qb4+ Ke5 74. Qb8+ Ke4 75. Qb4+ Qc4 76. Qe1+ Kd3 77. Qf1+
Kd4 78. Qd1+ Kc3 79. Qe1+ Kb3 80. Qd1+ Qc2 81. Qf1 Qe4 82. Qb5+ Kc3 83. Qa5+
Kd3 84. Qa3+ Kd2 85. Qb2+ Ke3 86. Qc1+ Ke2 87. Qb2+ Kd1 88. Qa1+ Kd2 89. Qb2+
Qc2 90. Qd4+ Qd3 91. Qb2+ Ke3 92. Qc1+ Ke4 93. Qe1+ Kd4 94. Qxh4+ Qe4 95. Qf2+
Ke5 96. Qb2+ Kf4 97. Qf2+ Kg5 98. Qg3+ Kf6 99. Qc3+ Qe5+ 100. Qxe5+ Kxe5 101.
Kg3 f4+ 102. Kg4 Ke4 103. h4 Ke3 104. h5 f3 105. gxf3 Bxf3+ 106. Kg5 Bxh5 107.
Kxh5 e5 108. Kg5 Kf3 0-1

[Event "Torneo Autunno Bergamasco"]
[Site "Bergamo ITA"]
[Date "2007.11.09"]
[Round "5"]
[White "Biava, Pierluigi"]
[Black "Impellizzeri, Francesco"]
[Result "1/2-1/2"]
[WhiteElo "1893"]
[BlackElo "1760"]
[PlyCount "81"]
[EventDate "2007.10.05"]

1. g3 Nf6 2. c4 c5 3. Bg2 e6 4. Nc3 Be7 5. Nf3 Nc6 6. O-O b6 7. d3 Bb7 8. a3
O-O 9. Bd2 Qc7 10. Rb1 d5 11. cxd5 exd5 12. Bf4 Qd7 13. b4 cxb4 14. axb4 Bxb4
15. Qb3 Bxc3 16. Qxc3 d4 17. Qc4 Rfe8 18. Rb2 h6 19. Ra1 Re7 20. Kf1 Rae8 21.
Ng1 g5 22. Bc1 Ne5 23. Qb4 Bxg2+ 24. Kxg2 Nd5 25. Qa4 Nc6 26. Rc2 Nc3 27. Qc4
Na5 28. Qb4 Qd5+ 29. Kf1 Nb3 30. Ra3 Nxc1 31. e4 Qd7 32. Rxc1 Rc8 33. Nf3 Qh3+
34. Ke1 Rce8 35. Qxd4 Nb5 36. Qb4 Nxa3 37. Qxa3 Qg4 38. Nd2 Qh3 39. Nf1 h5 40.
Qd6 Qe6 41. Qd4 1/2-1/2

[Event "Torneo Autunno Bergamasco"]
[Site "Bergamo ITA"]
[Date "2007.11.09"]
[Round "5"]
[White "Cambieri, Mario"]
[Black "Riggio, Mauro"]
[Result "0-1"]
[WhiteElo "1877"]
[BlackElo "1811"]
[PlyCount "100"]
[EventDate "2007.10.05"]

1. c4 Nf6 2. Nc3 g6 3. g3 d5 4. cxd5 Nxd5 5. d4 Bg7 6. Nf3 O-O 7. Bg2 c5 8. e4
Nb4 9. d5 e6 10. a3 Qa5 11. O-O c4 12. axb4 Qxa1 13. Qc2 Qa6 14. Be3 Nd7 15.
Nd4 Bxd4 16. Bxd4 e5 17. Be3 b5 18. Bh6 Rd8 19. f4 Qb6+ 20. Kh1 a6 21. Qe2 Qd6
22. f5 gxf5 23. Qh5 Qg6 24. Qh4 Nf6 25. d6 Be6 26. exf5 Bxf5 27. Bg5 Nd7 28.
Nd5 Re8 29. Nc7 Rac8 30. Nxe8 Rxe8 31. Kg1 Bd3 32. Bh6 Qxd6 33. Rf2 Bg6 34. Qg4
Nf6 35. Qf3 Ne4 36. Re2 Qd1+ 37. Bf1 Qd3 38. Qg2 Qd5 39. Qf3 f5 40. Bg2 Qd1+
41. Bf1 Qd6 42. Bg2 Qxb4 43. g4 fxg4 44. Qxg4 Nf6 45. Qg5 Qe7 46. Rd2 e4 47.
Bh3 e3 48. Re2 Qe5 49. Qh4 Kf7 50. Rxe3 Qxb2 0-1

[Event "Torneo Autunno Bergamasco"]
[Site "Bergamo ITA"]
[Date "2007.11.09"]
[Round "5"]
[White "Canova, Luca"]
[Black "Gerali, Paolo"]
[Result "1-0"]
[WhiteElo "2079"]
[BlackElo "1940"]
[PlyCount "83"]
[EventDate "2007.10.05"]

1. e4 c5 2. Nf3 e6 3. d4 cxd4 4. Nxd4 a6 5. Bd3 Nf6 6. O-O Qc7 7. Qe2 d6 8. c4
Nc6 9. Nxc6 bxc6 10. Nc3 Be7 11. f4 e5 12. h3 O-O 13. Be3 Nd7 14. f5 Bb7 15.
Rad1 Nf6 16. Bc2 Rad8 17. Qf2 Qb8 18. g4 d5 19. Bb6 Rd7 20. exd5 cxd5 21. g5
Nh5 22. Qh4 g6 23. fxg6 fxg6 24. Qg4 Bc8 25. Qe6+ Kg7 26. Rxf8 Bxf8 27. c5 e4
28. Nxe4 Re7 29. Qxd5 Rxe4 30. Bxe4 Qg3+ 31. Bg2 Qe3+ 32. Kh1 Ng3+ 33. Kh2 Ne2
34. Rf1 Be6 35. Qb7+ Kg8 36. Qe4 Qg3+ 37. Kh1 Bxa2 38. Qxe2 Qxg5 39. Qxa6 Bd5
40. Qe2 Be7 41. Bxd5+ Qxd5+ 42. Qf3 1-0

[Event "Torneo Autunno Bergamasco"]
[Site "Bergamo ITA"]
[Date "2007.11.09"]
[Round "5"]
[White "D'Angheo, Savino"]
[Black "Guerini, Matteo"]
[Result "1-0"]
[WhiteElo "1520"]
[BlackElo "1440"]
[PlyCount "71"]
[EventDate "2007.10.05"]

1. d4 d5 2. c4 c6 3. Nc3 Nf6 4. Nf3 Bf5 5. e3 e6 6. Nh4 Bg6 7. Nxg6 hxg6 8. Bd3
Be7 9. cxd5 Nxd5 10. Nxd5 Qxd5 11. O-O Qa5 12. Bd2 Qc7 13. g3 Nd7 14. e4 Nf6
15. Bf4 Bd6 16. e5 Nh5 17. exd6 Qd7 18. Qf3 Nxf4 19. Qxf4 O-O-O 20. Rfd1 Rh5
21. Be2 g5 22. Qd2 Rh3 23. Bg4 Rh6 24. Qxg5 Rdh8 25. h4 g6 26. Qe5 Kb8 27. b4
a6 28. a4 f5 29. Bf3 g5 30. hxg5 Rh2 31. g6 Qd8 32. g7 R8h6 33. b5 axb5 34.
axb5 Rg6 35. d7+ Qc7 36. d8=Q# 1-0

[Event "Torneo Autunno Bergamasco"]
[Site "Bergamo ITA"]
[Date "2007.11.09"]
[Round "5"]
[White "Elitropi, Giorgio"]
[Black "Mazzotti, Federico"]
[Result "1-0"]
[WhiteElo "2006"]
[BlackElo "1853"]
[PlyCount "59"]
[EventDate "2007.10.05"]

1. f4 c5 2. b3 Nc6 3. Nf3 e6 4. Bb2 Nf6 5. e3 Be7 6. Bd3 Nb4 7. Be2 Ne4 8. d3
Bf6 9. c3 Nd5 10. Qc1 Bh4+ 11. g3 Nxg3 12. hxg3 Bxg3+ 13. Kf1 h5 14. c4 Nf6 15.
Ng5 d5 16. Na3 a6 17. Nc2 Qc7 18. Be5 Qe7 19. Qb2 Bd7 20. b4 dxc4 21. dxc4 Bc6
22. Bxf6 gxf6 23. Bf3 O-O-O 24. Bxc6 fxg5 25. Bf3 gxf4 26. bxc5 e5 27. Rb1 e4
28. Bxh5 f5 29. Nd4 Rh6 30. Nxf5 1-0

[Event "Torneo Autunno Bergamasco"]
[Site "Bergamo ITA"]
[Date "2007.11.09"]
[Round "5"]
[White "Gozzini, Giambattista"]
[Black "Di Mauro, Valerio"]
[Result "1-0"]
[WhiteElo "1887"]
[BlackElo "1637"]
[PlyCount "73"]
[EventDate "2007.10.05"]

1. e4 d5 2. exd5 Qxd5 3. Nc3 Qa5 4. d4 c6 5. Bd3 Nf6 6. Nf3 Bg4 7. O-O e6 8.
Qe2 Qc7 9. Qe3 Bd6 10. h3 Bxf3 11. Qxf3 Nbd7 12. Re1 O-O-O 13. Ne4 Nxe4 14.
Bxe4 Nf6 15. c3 Nxe4 16. Qxe4 Rde8 17. Be3 f5 18. Qd3 f4 19. Bd2 g5 20. c4 Qf7
21. Rac1 g4 22. hxg4 Rhg8 23. Qh3 Rg5 24. d5 e5 25. dxc6 b6 26. Qf3 Reg8 27.
Qd3 Kc7 28. c5 Bxc5 29. Rxc5 Rxg4 30. Rcxe5 Rxg2+ 31. Kf1 Rg1+ 32. Ke2 Rxe1+
33. Bxe1 Rd8 34. Qe4 f3+ 35. Ke3 Qg8 36. Re7+ Kb8 37. c7+ 1-0

[Event "Torneo Autunno Bergamasco"]
[Site "Bergamo ITA"]
[Date "2007.11.09"]
[Round "5"]
[White "Merletti, Vincenzo"]
[Black "Gucciardo, Salvatore"]
[Result "1/2-1/2"]
[WhiteElo "1554"]
[BlackElo "1590"]
[PlyCount "69"]
[EventDate "2007.10.05"]

1. d4 Nf6 2. c4 g6 3. Nc3 Bg7 4. e4 d6 5. Nf3 O-O 6. Be2 e5 7. d5 Nbd7 8. O-O
Nc5 9. Qc2 a5 10. Be3 Nfd7 11. a3 a4 12. Nd2 f5 13. b4 axb3 14. Nxb3 Nxb3 15.
Qxb3 f4 16. Bd2 Nc5 17. Qc2 Kh8 18. a4 Rg8 19. a5 Bf8 20. Na4 Nxa4 21. Rxa4 g5
22. g4 Qe8 23. f3 h5 24. h3 Rg7 25. Rf2 Rh7 26. Bb4 Qg6 27. c5 hxg4 28. hxg4
Qh6 29. Rg2 Qh4 30. c6 bxc6 31. Qxc6 Rb8 32. a6 Rxb4 33. Rxb4 Qe1+ 34. Bf1 Qxb4
35. Qe8 1/2-1/2

[Event "Torneo Autunno Bergamasco"]
[Site "Bergamo ITA"]
[Date "2007.11.09"]
[Round "5"]
[White "Nasoni, Paolo"]
[Black "Minieri, Filippo"]
[Result "1-0"]
[WhiteElo "1849"]
[BlackElo "2124"]
[PlyCount "95"]
[EventDate "2007.10.05"]

1. e4 e5 2. Nf3 Nc6 3. Bc4 Nf6 4. Ng5 d5 5. exd5 b5 6. Bf1 Nxd5 7. Qf3 f6 8.
Bxb5 Bb7 9. Ne6 Qd6 10. Qxd5 Qxd5 11. Nxc7+ Kd8 12. Nxd5 Nd4 13. Ne3 Nxb5 14.
Nc3 Nd4 15. f3 f5 16. Ne2 g6 17. Nxd4 exd4 18. Nc4 Rc8 19. d3 Bb4+ 20. Kf2 Re8
21. Bg5+ Kd7 22. a3 Bd6 23. Rae1 Rxe1 24. Rxe1 Bd5 25. b3 Bxc4 26. dxc4 Bxa3
27. Bf6 Bb2 28. Re7+ Kd6 29. Rxa7 Re8 30. Bg5 Bc3 31. Rxh7 Be1+ 32. Kf1 Bc3 33.
h4 Re1+ 34. Kf2 Re6 35. Ra7 Kc5 36. Re7 Ra6 37. Re5+ Kd6 38. Re2 Ra2 39. Bf4+
Kd7 40. g4 fxg4 41. fxg4 Bb4 42. c3 Rxe2+ 43. Kxe2 dxc3 44. Kd3 Ke6 45. Bg3 Kf6
46. Kc2 Ke6 47. Be1 Be7 48. h5 1-0

[Event "Torneo Autunno Bergamasco"]
[Site "Bergamo ITA"]
[Date "2007.11.09"]
[Round "5"]
[White "Oteri, Aldo"]
[Black "Longo, Pietro"]
[Result "1-0"]
[WhiteElo "1898"]
[BlackElo "1929"]
[PlyCount "59"]
[EventDate "2007.10.05"]

1. e4 c5 2. Nf3 d6 3. d4 cxd4 4. Nxd4 Nf6 5. Nc3 a6 6. Be2 e5 7. Nb3 Be6 8. O-O
b5 9. Be3 Be7 10. f4 Qc7 11. f5 Bc4 12. Bxc4 Qxc4 13. Nd2 Qc6 14. Qf3 b4 15.
Nd5 Nxd5 16. exd5 Qc7 17. Qg4 Bf6 18. Qxb4 Nd7 19. Ne4 Ke7 20. c4 Rab8 21. Qc3
Rhc8 22. Rac1 Nb6 23. c5 Qd8 24. Qa5 dxc5 25. Bxc5+ Kd7 26. Nd6 Nxd5 27. Qa4+
Rc6 28. Rfd1 Be7 29. Rxd5 Kc7 30. Qa5+ 1-0